EXTENSION TEACHING METHODS FOR FARM WOMEN (Record no. 33666)

MARC details
000 -LEADER
fixed length control field 00317nam a22001337a 4500
003 - CONTROL NUMBER IDENTIFIER
control field SGT
020 ## - INTERNATIONAL STANDARD BOOK NUMBER
International Standard Book Number 9788171327867
082 ## - DEWEY DECIMAL CLASSIFICATION NUMBER
Classification number 630.715082,KHA
100 ## - MAIN ENTRY--PERSONAL NAME
Personal name KHARDE,PANDIT B.
245 ## - TITLE STATEMENT
Title EXTENSION TEACHING METHODS FOR FARM WOMEN
260 ## - PUBLICATION, DISTRIBUTION, ETC. (IMPRINT)
Place of publication, distribution, etc JAIPUR
Name of publisher, distributor, etc POINTER PUBLISHARS
Year of Publication 2022
300 ## - PAGE DESCRIPTION
No. of Pages 110
942 ## - ADDED ENTRY ELEMENTS (KOHA)
Source of classification or shelving scheme Dewey Decimal Classification
Koha item type Books
Holdings
Withdrawn status Lost status Source of classification or shelving scheme Damaged status Not for loan Collection code Home library Current library Shelving location Date acquired Vendor Name Cost, normal purchase price SGTU Bill Number Total Checkouts Full call number Accession No. (Barcode) Date last seen Bill Date Koha item type
    Dewey Decimal Classification   Not For Loan EDUCATION SGT Engineering Library SGT Engineering Library Reference Book 28/01/2026 BRIJWASI BOOK DISTRIBUTORS 1500.00 SGTU IN/BW/000380   630.715082,KHA ED5490 28/01/2026 20/12/2025 Books